000 00564nam a2200181 i 4500
001 135453
003 ES-MaACL
005 20230906194904.0
007 t|
008 070718s1918 sp ||||1| spa d
100 1 _aTorre, Claudio de la.
_9110731
245 1 3 _aEl canto diverso /
_cClaudio de la Torre ; prólogo de Enrique Díez-Canedo.
260 _aMadrid :
_b[s.n.],
_c1918 (
_fImp. Clásica Española)
300 _a32 h. ;
_c17 cm.
700 1 _aDíez-Canedo, Enrique,
_d1879-1944
_944685
852 _aES-MaACL
_j1552-F-8
999 _c135453
_d135453